000 00619nam a2200217Ia 4500
003 OSt
005 20220926040839.0
006 a|||||r|||| 00| 0
007 ta
008 220923b |||||||| |||| 00| 0 eng d
037 _cGeneral Book
040 _aRTL
_cRTL
_beng
041 _2eng
_aeng
082 _aX415:977h73:1:N3, F3
100 _aBernhardt J
_9236690
245 0 _aRailroad labour board, its history activities and
260 _c1923
650 _aTransport Economic -- United State
_9231753
942 _hX415:977h73:1:N3, F3
_cGB
_2CC
999 _c665812
_d665812